| 000 | 00640nam a22002057a 4500 | ||
|---|---|---|---|
| 003 | OSt | ||
| 005 | 20260212124420.0 | ||
| 008 | 160219b xxu||||| |||| 00| 0 eng d | ||
| 020 | _a05-695-2003-1 | ||
| 040 | _c0 | ||
| 082 | _a174.4 LUM 2003 | ||
| 100 |
_aZafar I Qureshi _9133165 |
||
| 245 | _aOUTSOURCING AT FATIMA MEMORIAL | ||
| 260 |
_aLahore _bLahore University of Management Sciences _c2003 |
||
| 300 |
_a12p. _bPapers |
||
| 440 |
_aOUTSOURCING AT FATIMA MEMORIAL _9133169 |
||
| 590 | _6http://10.250.8.41:8080/xmlui/handle/123456789/56741 | ||
| 856 | _uhttp://10.250.8.41:8080/xmlui/handle/123456789/56741 | ||
| 942 |
_2ddc _cCS |
||
| 999 |
_c351164 _d351164 |
||